1351 1048 1317 1022 1153 1228 1961 1479 1815 1705 1783 1290 1979 1961 1488 1770 1266 1953 1413 1149 1801 1025 1907 1250 1532 1758 1405 1644 1564 1740 1294 1892 1327 1144 1821 1306 1671 1381 1835 1298 1587 1682 1104 1375 1931 1720 1625 1785 1457 1694 1222 1898 1331 1469 1911 1533 1823 1491 1540 1596 1982 1695 1928 1560 1408 1662 1253 1522 1839 1751 1759 1248 1497 1510 1605 1507 1421 1194 1682 1734 1007 1719 1956 1845 1233 1544 1878 1574 1531 1413 1189 1722 1122 1961 1670 1893 1090 1938 1854 BCNSPRNW ULIB Ver.6.0+V

เปลี่ยนเป็นภาษาไทย

Change to English
 แสดงรายละเอียดบรรณานุกรม
  กลับหน้าหลัก

Brief Record : Get Marc (ISO 2709) : E-mail record : QR code < ปิดหน้าต่าง
LEADER : 00000nam 2200000uu 4500
001    13399112264
003     ULIB
008    110802s2546||||th 000 0 tha d
020    9743610898
040    brv
050  4 HD57.7^bย121ภ 2546
100 0  ยงยุทธ เกษสาคร
245 10 ภาวะผู้นำและการจูงใจ =^bLeadership and motivation techniques /^cผู้เรียบเรียงยงยุทธ เกษสาคร
246 31 Leadership and motivation techniques
250    พิมพ์ครั้งที่ 6
260    กรุงเทพฯ :^bSK Booknet,^c2546
300    (11), 342 หน้า ;^c26 ซม.
650  4 การจูงใจ (จิตวิทยา)
650  4 ผู้นำ
945    ^p189^l0^i017025
995    ทศพร
999 ^a ทศพร
รายการนี้ยังไม่มีแท็ก
คุณยังไม่ได้ล็อกอิน คุณสามารถมีกิจกรรมร่วมกับเว็บไซต์ได้ แต่ต้องล็อกอินก่อน ::
  ล็อกอิน

รายการสื่อสารสนเทศ

ลำดับที่ ประเภท เลขเรียก/บาร์โค้ด สถานที่ สถานะ
- ไม่พบข้อมูล -

รายการใกล้เคียง
    ผู้แต่ง [ยงยุทธ เกษสาคร]

    หัวเรื่อง [การจูงใจ (จิตวิทยา)]
    หัวเรื่อง [ผู้นำ]

BibComment


ยังไม่เคยถูกคอมเมนท์

คอมเมนท์ทรัพยากรรายการนี้
  คอมเมนท์: ภาวะผู้นำและการจู..


 Copyright 2026. Bcnsprnw @Library